000 01135mam a2200349 a 4500
001 2276844
003 ARRUPE
005 20150303020007.0
008 980430s1999 miua b 000 0 eng
010 _a 98019022
020 _a087907552X (alk. paper)
020 _a0879076526 (pbk. : alk. paper)
035 _a(OCoLC)ocm39124368
035 _a(NNC)2276844
040 _aDLC
_cDLC
_dNNC
041 1 _aeng
_hfre
050 0 0 _aNA4828
_b.D5613 1999
082 0 0 _a726/.7712
_221
100 1 _aDimier, Anselme,
_d1898-1975.
_912927
240 1 0 _aMoines bâtisseurs.
_lEnglish
245 1 0 _aStones laid before the Lord /
_cby Anselme Dimier ; translated from the French by GilChrist Lavigne.
260 _aKalamazoo, Mich. :
_bCistercian Publications,
_cc1999.
263 _a9808
300 _a306 p. ;
_c23 cm.
490 1 _aCistercian studies series ;
_vno. 152
504 _aIncludes bibliographical references.
650 0 _aCistercian architecture.
_912928
650 0 _aCatholic church buildings.
_912929
830 0 _aCistercian studies series ;
_vno. 152.
_912930
942 _2lcc
_cMONOGRAPH
_01
999 _c121348
_d121348